banner koha

Subsolador vibratorio: 2. mobilizacao do solo com e sem o acionamento do mecanismo de vibracao (Registro n. 154858)

MARC details
000 -LÍDER
campo de controle de tamanho fixo 00890nas a2200301 4500
001 - NÚMERO DE CONTROLE
campo de controle BR9702474
003 - IDENTIFICADOR DO NÚMERO DE CONTROLE
campo de controle BR-BrBNA
005 - DATA E HORÁRIO DA ÚLTIMA TRANSAÇÃO
campo de controle 20231205100229.0
007 - CAMPO FIXO DE DESCRIÇÃO FÍSICA--INFORMAÇÃO GERAL
campo de controle de tamanho fixo ta
008 - CAMPO DE DADOS FIXOS--INFORMAÇÃO GERAL
campo de controle de tamanho fixo 230509b bl.|||p| |||| 00| 00por d
040 ## - FONTE DA CATALOGAÇÃO
Instituição da catalogação original BR-BrBNA
Idioma da catalogação por
Instituição que transcreveu o registro Biblioteca Nacional de Agricultura
041 ## - CÓDIGO DE IDIOMA
Código do idioma do texto/trilha sonora ou título diferente (Pt)
072 ## - CÓDIGO DE CATEGORIA DE ASSUNTO
Código de Categoria de Assunto N20; U10
100 1# - ENTRADA PRINCIPAL--NOME PESSOAL
Nome pessoal Correa, I.M.
100 1# - ENTRADA PRINCIPAL--NOME PESSOAL
Nome pessoal Yanai, K.
100 1# - ENTRADA PRINCIPAL--NOME PESSOAL
Nome pessoal Peche, F.A.
100 1# - ENTRADA PRINCIPAL--NOME PESSOAL
Nome pessoal Maziero, J.V.G.
100 1# - ENTRADA PRINCIPAL--NOME PESSOAL
Nome pessoal Menezes, J.F. de
100 1# - ENTRADA PRINCIPAL--NOME PESSOAL
Nome pessoal Peche, A.T.M.
245 1# - TÍTULO
Título Subsolador vibratorio: 2. mobilizacao do solo com e sem o acionamento do mecanismo de vibracao
650 ## - ASSUNTO--TERMO TÓPICO
Cabeçalho tópico ou nome geográfico Subsolador
650 ## - ASSUNTO--TERMO TÓPICO
Cabeçalho tópico ou nome geográfico Tracao Motorizada
650 ## - ASSUNTO--TERMO TÓPICO
Cabeçalho tópico ou nome geográfico Vibracao
650 ## - ASSUNTO--TERMO TÓPICO
Cabeçalho tópico ou nome geográfico Modelo Matematico
773 0# - ENTRADA ANALÍTICA
Título Engenharia Rural (Brazil)
ISSN - International Standard Serial Number ISSN 0103-5185
Partes relacionadas (Dec 1991), v. 2(2) p. 15-32
Número de controle do registro BR9702474
909 ## -
-- 202311
-- Lúcia
-- 55
-- Lúcia Elande
942 ## - ELEMENTOS DE ENTRADA ADICIONADOS (KOHA)
Fonte da classificação ou esquema de arquivamento na estante Classificação AGRIS
Ocultar no OPAC Não
Tipo de material Koha Analítica
Exemplares
Situação do descarte Fonte da classificação ou esquema de arquivamento na estante Situação física Não pode ser emprestado Biblioteca de origem Biblioteca atual Localização na estante Enumeração do periódico / cronologia Total de empréstimos Data de último acesso Número do exemplar Tipo de material Koha Fonte de aquisição
  Classificação AGRIS   Consulta local Biblioteca Nacional de Agricultura - Binagri Biblioteca Nacional de Agricultura - Binagri   (Dec 1991), v. 2(2) p. 15-32   29/11/2023 01 Periódicos Portaria Interministerial nº 164/94

BINAGRI

Telefone: (61)3218-2567/2388/3357/2097 - binagri@agro.gov.br

Ministério da Agricultura e Pecuária , Esplanada dos Ministérios, Bloco D, Anexo B, Brasília/DF, CEP: 70.043-900